MDQL
is popping MORE tags! Check the
thread
!
Quizzes
Events
Quiz Creation
Community
Videos
Private Events
Remove Ads
Sign In
Join for FREE
Feedback
Dark Mode
Quiz Categories
Sports
Geography
Music
Movies
Television
Just For Fun
Miscellaneous
History
Literature
Language
Science
Gaming
Entertainment
Religion
Holiday
For Kids
Quiz Lab
Recent
Popular Today
Quiz Kudos Today
Editor Picks
Curator Picks
Quizzes by...
Day
Popularity
Type
Ratings
Length
Year
Community
Subscriptions
Recent Discussions
Orange Saloon
Badges
Playlists
Quests
Create
Leaderboards
Showdown
Live 5
Trivia Bingo
Activity
Puzzle Library
Sporcle Events
Private Events
Virtual Trivia
Globe League
Become a Host
Pub Owners
SporcleCon
Opinionation
Our Games
Videos
Blog
Mobile Apps
Partnerships
Remove Ads and Go Orange
Feedback
Movies
Disney
Marvel Cinematic Universe
Movie Resume
Movie Titles
Oscar
Actor
Actress
Director
Pixar
Role
Movie Quotes
Movie Characters
Box Office
Nominee
Best Picture
Star Wars
James Bond
Horror Movies
Movies
Disney
Marvel Cinematic Universe
Movie Resume
Movie Titles
Oscar
Actor
Actress
Director
Pixar
Role
Movie Quotes
Movie Characters
Box Office
Nominee
Best Picture
Star Wars
James Bond
Horror Movies
Random Quiz
Search Sporcle
×
Quiz Lab
Quiz Lab
Movies
Actor
Type in answers that appear in a list
Type in answers that appear in a list
Classic
Best Score? Go Orange.
Director/Actor Pairings II Stats
Can you name the Director/Actor Pairings?
By
cuddlefish
10m
37 Questions
282 Plays
282 Plays
282 Plays
Comments
Comments
Give Quiz Kudos
Give Quiz Kudos
-
- Ratings
hide this ad
Replay
Link that replays current quiz
Next Quiz
Link to next quiz in quiz playlist
You Got
0%
They Got
Avg Score
47%
Avg Friend Score
Upgrade to see
Score Distribution
Jump to the score distribution portion of the page
Score
0/37
Timer
10:00
0
Plays Today
Director/Actor
Movie
% Correct
Martin Scorsese/
Leonardo DiCaprio
The Departed
89.7%
Judd Apatow/
Seth Rogan
Knocked Up
88.7%
Martin Scorsese/
Leonardo DiCaprio
Shutter Island
88.3%
Tim Burton/
Johnny Depp
Alice in Wonderland
86.9%
Tim Burton/
Johnny Depp
Edward Scissorhands
86.2%
Clint Eastwood/
Clint Eastwood
Gran Torino
79.1%
Clint Eastwood/
Clint Eastwood
Million Dollar Baby
78.7%
Martin Scorsese/
Leonardo DiCaprio
The Aviator
78%
Tim Burton/
Johnny Depp
Charlie and The Chocolate Factory
77%
Judd Apatow/
Seth Rogan
The 40 Year Old Virgin
74.1%
Tim Burton/
Johnny Depp
Sweeney Todd
74.1%
Martin Scorsese/
Leonardo DiCaprio
Gangs of New York
72.3%
Tim Burton/
Johnny Depp
Corpse Bride
69.5%
Judd Apatow/
Seth Rogan
Funny People
67.4%
Clint Eastwood/
Clint Eastwood
Unforgiven
67.4%
Tim Burton/
Johnny Depp
Ed Wood
64.2%
Guy Richie/
Mark Strong
Sherlock Holmes
52.1%
Woody Allen/
Scarlet Johanson
Match Point
48.9%
Woody Allen/
Scarlet Johanson
Vicky Cristina Barcelona
41.1%
Director/Actor
Movie
% Correct
John Huston/
Humphrey Bogart
The Maltese Falcon
39%
Guy Richie/
Mark Strong
RocknRolla
36.9%
Clint Eastwood/
Clint Eastwood
The Bridges of Madison County
30.9%
John Huston/
Humphrey Bogart
The Treasure of the Sierra Madre
30.1%
Woody Allen/
Scarlet Johanson
Scoop
29.4%
Sydney Pollack/
Robert Redford
Out of Africa
28%
Clint Eastwood/
Clint Eastwood
Space Cowboys
25.9%
Clint Eastwood/
Clint Eastwood
The Outlaw Josey Wales
24.5%
Clint Eastwood/
Clint Eastwood
Sudden Impact
22.7%
Guy Richie/
Mark Strong
Revolver
18.4%
Tim Burton/
Johnny Depp
Sleepy Hallow
16.7%
Clint Eastwood/
Clint Eastwood
Pale Rider
15.2%
Clint Eastwood/
Clint Eastwood
True Crime
12.4%
Clint Eastwood/
Clint Eastwood
High Plains Drifter
12.1%
Sydney Pollack/
Robert Redford
Three Days of the Condor
11.7%
Clint Eastwood/
Clint Eastwood
Heartbreak Ridge
11%
John Huston/
Humphrey Bogart
Key Largo
7.1%
Sydney Pollack/
Robert Redford
The Way We Were
6.7%
Quiz Playlist
Details
Report
Send in Message
Add To Playlist
Classic:
Type in answers that appear in a list
Last Updated: Feb 16, 2017
Quiz Scoreboard
CHALLENGE
Sign Up to Join the Scoreboard
Show All
Scores
Hide
Comments
May contain spoilers
Recently Published
Image Sorting: Flags VI
by Barbecue
Geography
2m
Find the 'City' Movie
by crazypaving
Movies
60s
Colored Red Africa Blitz
by spor1
Geography
45s
More to Explore
Quiz From the Vault
Featured Blog Post
14 Easter Pick-up Lines to Find Eggs With
hide this ad
You Might Also Like...
Tags
Actor Quiz
Director Quiz
Pairs
Today's Top Quizzes in Movies
Browse Movies
hide this ad
Today's Top Quizzes in Actor
Browse Actor
Top Contributed Quizzes in Movies
1
Find The 'Big' Movie
2
Find The 'Wild' Movie
3
Find The 'Blue' Movie
4
Movies By Plot
5
Hidden Star Wars Character II
6
Pick 5 Posters: Directed by Spielberg
7
The ultimate James Bond movie quiz
8
Hidden Star Wars Character III
9
Hidden Star Wars Character IV
10
25 Best Actor Nominees (1990s)
Explore More
Trending Topics
Harry Potter
Marvel
Kpop
NBA
Crossword
Disney
Anime
NFL
WWE
Pokémon
Puzzle
The Office
Soccer
Country
Song
hide this ad
More By:
cuddlefish
Quiz
Plays
Rating
Category
Featured
Created
Director/Actor Pairings II
282
1.17
Movies
Feb 25, 2010
Go to Creator's Profile
Score Distribution
Quiz Creator Spotlight
cuddlefish
Follow
Send a Message
Quizzes Created
-
Created Quiz Play Count
-
More By This Creator
Popular Quizzes Today
1
Colored Red Africa Blitz
2
Find the US States - No Outlines Minefield
3
Find the 'City' Movie
4
5x2 Blitz: Bands
5
The Countries of the World
6
Find the US States
7
Find the Countries of Europe - No Outlines Minefield
8
US States
More Movies Quizzes
On-Screen Costumiers and Needle Workers
Editor's Pick
Trending Quizzes
Colored Red Europe Blitz I
Colored Red Europe Blitz II
Colored Red Africa Blitz II
Colored Red Europe Blitz III
Colored Red Africa Blitz III
Recently Updated
How Do You Spell That?
pecheneg
Godzilla Movies
pecheneg
Grab Bag: 4-10 Letters
pecheneg
2024 March Madness Bracket
pecheneg
Famous TV Couples
Peacemaker
Champions League XIs: Real Madrid
pecheneg
Largest US Cities 1790-2010
pecheneg
Rides in Walt Disney World
pecheneg
Most Oscar Losses (Acting)
pecheneg
Beyoncé Albums
pecheneg
Trending Topics
Kpop
Marvel
Crossword
Disney
Harry Potter
Anime
NBA
NFL
Country
Song
Soccer
The Office
Puzzle
Pokémon
WWE
Your Account Isn't Verified!
In order to create a playlist on Sporcle, you need to verify the email address you used during registration. Go to your
Sporcle Settings
to finish the process.
Report this User
Report this user for behavior that violates our
Community Guidelines
.
Details:
Send Report
Go to the Sporcle.com Mobile Site →
Comments